[Event "EU-Cup 24th"]
[Site "Kallithea"]
[Date "2008.10.22"]
[Round "6"]
[White "Ivanchuk, Vassily"]
[Black "Carlsen, Magnus"]
[Result "1-0"]
[WhiteElo "2786"]
[BlackElo "2786"]
[Annotator "Krasenkow,Michal"]
[PlyCount "77"]
[EventDate "2008.10.17"]
[EventType "team-swiss"]
[EventRounds "7"]
[EventCountry "GRE"]
[SourceTitle "CBM 127"]
[Source "ChessBase"]
[SourceDate "2008.11.13"]
[SourceVersion "1"]
[SourceVersionDate "2008.11.13"]
[SourceQuality "1"]
[WhiteTeam "Saransk"]
[BlackTeam "Erevan MIKA"]
[WhiteTeamCountry "RUS"]
[BlackTeamCountry "ARM"]

1. d4 d5 2. c4 c6 3. Nc3 Nf6 4. e3 g6 5. Nf3 Bg7 6. Bd3 O-O 7. O-O Bg4 8. h3 Bxf3 9. Qxf3 e6 10. Rd1 Nbd7 11. Bd2 Re8 12. Rac1 {This system was examined in CBM 91, annotations to Hebden - Meenakshi by GM L.Ftacnik.} (12. Be1 {is also played.}) 12... Rc8 (12... Qe7 13. Qe2 (13. cxd5 exd5 14. Qg3 Rac8 15. Be1 Nf8 16. b4 Ne6 17. Na4 b6 18. Qf3 Qd7 19. Nc3 b5 20. Nb1 Qd6 $11 {1-0 Veresov,G-Ragozin,V/Moscow 1944/URS-ch (57)}) (13. Qg3 dxc4 14. Bxc4 e5 15. Bb3 Rad8 16. Qh4 Nb6 17. dxe5 Qxe5 18. Qb4 Bf8 19. Qf4 Qxf4 20. exf4 Nfd5 $11 {1/2 Kuzubov,Y (2582)-Zugic,I (2477)/Calvia 2007/CBM 120 ext (56)}) 13... dxc4 (13... Rad8 14. Bb1 (14. Be1 a6 15. a3 e5 16. dxe5 Nxe5 17. cxd5 Nxd3 18. Rxd3 Nxd5 19. Nxd5 Rxd5 20. Rxd5 cxd5 21. Qc2 d4 {½-½ Simagin,V-Ignatiev,F/Moscow 1962/ (29)}) 14... Nf8 15. Be1 Rd7 16. a3 dxc4 17. Qxc4 Nd5 18. Qf1 Bh6 19. Rd3 f5 20. Rcd1 Red8 21. Bd2 Rc7 22. Qe2 {1-0 Lisitsin,G-Ragozin,V/Moscow 1948/ (57)}) 14. Bxc4 e5 15. d5 cxd5 16. Bxd5 e4 $6 (16... Nb6) 17. Bxb7 Rab8 18. Bc6 $6 (18. Nd5 $14) 18... Rxb2 $11 {1/2 Hebden,M (2534)-Meenakshi,S (2266)/Torquay 2002/CBM 091/[Ftacnik] (43)}) (12... dxc4 13. Bxc4 e5 14. Bb3 exd4 15. exd4 Nb6 16. Bg5 Qd6 17. Bf4 Qd7 18. Be5 $14 {1-0 Ivanov,S (2528)-Hasangatin,R (2458)/St Petersburg 1999/CBM 071/[Ftacnik] (44)}) (12... a6 13. Qe2 $6 (13. Be1) 13... e5 14. dxe5 Nxe5 15. cxd5 Nxd5 16. Nxd5 Qxd5 17. Bb1 Qb5 18. Qxb5 axb5 19. b3 Red8 20. Bb4 Bf8 21. Bc3 Bg7 22. Bb4 Bf8 23. Bc3 Bg7 24. Bb4 {1/2 Lushenkov,M (2368)-Chuprikov,D (2377)/Sochi 2006/EXT 2007}) 13. Be1 Qe7 14. Qe2 a6 $1 {[%mdl 32]} (14... e5 {is a typical advance in such positions but now it was not so good due to} 15. dxe5 Nxe5 (15... Qxe5 16. cxd5 cxd5 (16... Nxd5 17. Nxd5 cxd5 18. Bb5) 17. Bb5 $14) 16. cxd5 Nxd5 (16... Nxd3 17. Rxd3 cxd5 18. Nxd5 Nxd5 19. Rxc8 Rxc8 20. Rxd5) (16... cxd5 17. Bc2 $1 {[%csl Rd5][%cal Yc2b3,Ye2b5]}) 17. Nxd5 cxd5 18. Bb5 Rxc1 19. Rxc1 $14) 15. b3 $146 ({RR} 15. a4 h5 16. Bb1 a5 17. Bd3 Ra8 18. Qc2 Nb6 19. Ne2 dxc4 20. Bxc4 Nfd5 21. Bb3 Nb4 22. Qb1 N6d5 23. e4 Nb6 24. Nf4 Rad8 25. Bc3 Rd7 26. Ne2 Red8 27. Rf1 Kh7 28. e5 Kg8 29. Kh1 Qh4 {Sokolov,I (2653)-Gopal,G (2572) Dubai 2012 1-0 (57)}) ({RR} 15. a3 Nh5 16. Rc2 f5 17. cxd5 exd5 18. Bxf5 Ng3 19. fxg3 gxf5 20. Qf3 Qxe3+ 21. Qxe3 Rxe3 22. Nxd5 Ree8 23. Nc3 Bxd4+ 24. Bf2 Bxf2+ 25. Rxf2 Nb6 26. Rxf5 Rcd8 27. Rxd8 Rxd8 28. b3 Rd2 29. Rf2 Rd4 {Brodsky,M (2554)-Fargere,F (2512) Cappelle la Grande 2011 1-0 (37)}) 15... Rcd8 {Black decides to wait.} (15... e5 $5 {was now quite appropriate:} 16. dxe5 Nxe5 17. cxd5 cxd5 $11 {Black's acive pieces compensate for his isolated pawn.}) 16. Qc2 Rc8 17. Bf1 Bf8 18. Qb1 Rcd8 19. g3 {The transfer of this bishop to g2 (to control the d5 square and therefore prevent ...e6-e5) is quite typical in this structure.} Bg7 20. Bg2 h5 21. Ne2 h4 $6 {It was probably better to continue waiting:} (21... Bh6) 22. g4 e5 23. Ba5 $1 Rc8 24. dxe5 Nxe5 25. Bc3 (25. cxd5 $1 Nxd5 (25... cxd5 26. Nf4) 26. e4 Nc7 27. f4 $14 {[%csl Ge4,Gf4,Gg4]}) 25... dxc4 $6 (25... Red8 $1 26. Ba5 $1 Re8 27. cxd5) 26. bxc4 Qc7 ({After} 26... b5 27. cxb5 cxb5 28. Bb4 {the position opens up and White's bishop pair become very strong but the text move allows him to fix Black's weakness on b7.}) 27. c5 $16 {[%csl Rb7,Gc5]} Rcd8 $2 {Loses material without enough counterplay.} (27... Nd5 28. Bd4 $16) 28. Rxd8 Rxd8 29. Bxe5 Qxe5 30. Qxb7 Rd2 31. Nd4 Ne4 32. Nxc6 Qb2 33. Ne7+ Kf8 (33... Kh7 34. Qxb2 Bxb2 35. Bxe4 Bxc1 36. c6 $18) 34. Qa8+ Kxe7 35. Qxe4+ Qe5 36. c6 Rd8 37. c7 Rc8 38. Qb7 Qe6 39. Qxc8 (39. Qxc8 Qxc8 40. Bb7 $18) 1-0

[Event "EU-Cup 24th"]
[Site "Kallithea"]
[Date "2008.10.23"]
[Round "7"]
[White "Huzman, Alexander"]
[Black "Carlsen, Magnus"]
[Result "0-1"]
[WhiteElo "2590"]
[BlackElo "2786"]
[Annotator "Krasenkow,Michal"]
[PlyCount "84"]
[EventDate "2008.10.17"]
[EventType "team-swiss"]
[EventRounds "7"]
[EventCountry "GRE"]
[SourceTitle "CBM 127"]
[Source "ChessBase"]
[SourceDate "2008.11.13"]
[SourceVersion "1"]
[SourceVersionDate "2008.11.13"]
[SourceQuality "1"]
[WhiteTeam "Beer Sheva"]
[BlackTeam "Erevan MIKA"]
[WhiteTeamCountry "ISR"]
[BlackTeamCountry "ARM"]

1. d4 {Krasenkow,Michal} Nf6 2. c4 e6 3. Nf3 b6 4. g3 Ba6 5. Qc2 Bb4+ ({RR} 5... c5) 6. Bd2 Be7 7. e4 d5 8. cxd5 ({RR} 8. Nc3 Bxc4 9. Bxc4 dxc4 10. O-O-O c6 11. Bf4 Na6 12. a3 b5 13. Ne5 Qc8 14. Bg5 O-O 15. h4 Rb8 16. Qe2 Qb7 17. h5 h6 18. Bf4 c5 19. d5 b4) ({RR} 8. e5 Ne4 9. Bd3 ({RR} 9. cxd5 Bxf1 10. Qxe4 exd5 11. Qg4 Bg2 12. Rg1 Bxf3 13. Qxf3 Nc6 14. Bc3 O-O 15. Nd2 f6 16. Qg4 f5 17. Qe2 Qd7 18. f4 Nd8 19. Nf3 Ne6) 9... O-O 10. O-O ({RR} 10. Bxe4 dxe4 11. Qxe4 Bxc4 12. Qxa8 Bd5) 10... c5 11. Bxe4 dxe4 12. Qxe4 Qd7 13. d5 ({RR} 13. Qxa8 Nc6) 13... exd5 14. cxd5 f5 15. exf6 Bxf6 16. Re1 Qf7 ({RR} 16... Bxb2) 17. Nc3 Nd7 18. Qe6 Rae8 19. Qxf7+ Kxf7) 8... Bxf1 9. Kxf1 exd5 10. e5 Ne4 11. Nc3 Nxc3 12. bxc3 ({RR} 12. Bxc3 Qd7 13. Kg2 Nc6 14. h4 Nd8 15. Nh2 O-O 16. f4 f5 17. exf6 gxf6 18. Rhe1 Nf7 19. Qe2 Rae8 20. Qh5 Bd8 ({RR} 20... Kh8) 21. Bb4 Be7 22. Qg4+ Qxg4 23. Nxg4) 12... Qd7 ({RR} 12... O-O 13. h4 f6 14. e6 c5 15. h5 Nc6 16. Qf5) ({RR} 12... c5 13. Kg2 Nc6 14. h4 Qd7 15. Rae1 Qe6 16. Ng5 Bxg5 17. hxg5 cxd4 18. f4 g6 ({RR} 18... dxc3 19. f5 Nd4 20. Qa4+ Qd7 21. Qxd4 cxd2) 19. cxd4 Rc8 20. Qd3 Ne7 21. Rc1 O-O 22. Bb4 Rxc1 23. Rxc1 Rc8 24. Rxc8+ Nxc8 25. Qe2 Qc6 26. g4) 13. Kg2 Nc6 14. c4 Nd8 {This line was examined in CBM 120, annotations to Ni Hua - Tomashevsky. Since then several important games have been played. Some of them saw other plans for Black:} (14... Rd8 15. Rhd1 O-O 16. Rac1 dxc4 17. Qxc4 Nxd4 18. Be3 c5 19. Bxd4 cxd4 20. Rxd4 Qe8 21. Rcd1 Rxd4 22. Qxd4 Bc5 23. Qe4 h6 24. Nh4 Qe6 25. Rd2 Re8 26. f4 a5 (26... f6 27. Rd5 Qc6 28. Nf3 f5 29. Qd3 $14 {1-0 Vescovi,G (2609)-Fier,A (2499)/Sao Paulo 2007/CBM 118 ext (77)}) 27. Nf3 g6 28. h4 Bb4 29. Rd5 Qg4 30. Nh2 Qe6 31. h5 f5 32. Qc4 gxh5 33. Nf3 $36 {1/2 Romanov,E (2515)-Wang Hao (2643)/Yerevan 2007/CBM 120 ext (41)}) (14... O-O-O 15. Rac1 (15. Rhc1 Kb7 16. Qb3 g5 $5 17. h3 h5 18. cxd5 Qxd5 19. Qxd5 Rxd5 20. Bxg5 Bxg5 21. Nxg5 f6 22. Nf3 fxe5 23. dxe5 Nxe5 24. Nxe5 Rxe5 25. f4 Re3 26. Rf1 Rg8 27. Rf3 Re2+ 28. Rf2 Re3 29. Rf3 {1/2 Miton,K (2580)-Socko,B (2627)/Karpacz POL 2008/The Week in Chess 724 (29)}) 15... Kb7 16. Qb3 h5 (16... dxc4 17. Rxc4 Nb8 18. Rhc1 c6 19. Ne1 (19. Ra4 $5 $36) (19. Bb4 $5 $36) 19... Ka8 20. Be3 h5 21. h3 Qd5+ 22. Kh2 h4 23. g4 f6 $132 {0-1 Miton,K (2609)-Socko,B (2635)/Lublin 2008/CBM 123 (65)}) (16... g5 $5 {-cf. 17.hc1}) 17. h3 (17. h4 $142) 17... f6 $6 (17... g5 $1) 18. Rhe1 (18. e6 $1 Qxe6 $140 19. Rhe1 Qf7 20. cxd5 Qxd5 21. Qxd5 Rxd5 22. Rxc6 Kxc6 23. Rxe7 $16) 18... fxe5 19. dxe5 Qe6 20. c5 Rhf8 $14 {1-0 Jankovic,A (2532)-Lenic,L (2584)/Sibenik CRO 2008/The Week in Chess 726 (32)}) ({RR} 14... Rd8 15. Rhd1 O-O 16. Rac1 dxc4 17. Qxc4 Nxd4 18. Be3 c5 19. Bxd4 cxd4 20. Rxd4 Qe8 21. Rcd1 Rxd4 22. Qxd4 Bc5 23. Qe4 h6 24. Nh4 Qe6 25. Rd2 Re8 26. f4 f6 27. Rd5 Qc6 28. Nf3 f5 29. Qd3) 15. cxd5 $146 {[%mdl 8]} (15. Qb3 $5 c6 16. Rhc1 (16. a4 O-O 17. cxd5 cxd5 18. Qb5 Qxb5 19. axb5 Ne6 20. Rhc1 Rfd8 21. Rc6 Kf8 22. Be3 $14 {1/2 Parligras,M (2588)-Grigorov,G (2465)/Bucharest ROU 2008/The Week in Chess 723}) 16... Ne6 17. Rab1 O-O 18. cxd5 Qxd5 19. Qxd5 cxd5 20. Rb5 Rfd8 21. a4 Rd7 22. Kf1 f6 23. Be3 Kf7 24. Ke2 Rb8 25. Ne1 (25. a5 $1) 25... a6 26. Rb3 fxe5 27. Nd3 exd4 28. Ne5+ Ke8 29. Nxd7 Kxd7 $13 {1/2 Sakaev,K (2634)-Tomashevsky,E (2646)/Serpukhov 2007/EXT 2008 (37)}) (15. Be3 c6 16. a4 Ne6 17. Rhc1 O-O 18. cxd5 cxd5 19. Qb3 Rfc8 20. Ne1 f5 21. Nd3 g5 22. Qb5 Qxb5 23. axb5 Rc7 24. h3 Kf7 $11 {1/2 Atalik,E (2432)-Zhao Xue (2518)/Kallithea GRE 2008/The Week in Chess 729 (64)}) (15. e6 $5 {The most principled reply.} fxe6 ({RR} 15... Nxe6 16. Ne5 Qd6 17. Qa4+ Kf8 ({RR} 17... c6 18. Bb4) 18. Nd7+ Kg8 19. c5 bxc5 20. dxc5 Nxc5 21. Nxc5 Qxc5 22. Rac1) 16. Ne5 Qd6 $1 (16... Qc8 $2 17. Qa4+ b5 18. cxb5 O-O 19. Rhc1 Qb7 20. Qa6 Bd6 21. Ba5 Rc8 22. Nd3 Rf7 23. Rc3 Kf8 24. Rac1 $16 {1-0 Ni Hua (2681)-Tomashevsky,E (2654)/Nizhniy Novgorod 2007/CBM 120/[Krasenkow] (35)}) ({RR} 16... Qd6 17. Qa4+ ({RR} 17. Bf4 dxc4) 17... c6 18. c5 bxc5 19. Bf4 O-O) 17. Qa4+ c6 18. c5 bxc5 19. Bf4 O-O 20. dxc5 Qxc5 21. Nd7 Rxf4 $1 22. Qxf4 Qd6 23. Qxd6 Bxd6 24. Rhc1 Kf7 25. f4 Ke7 $11 {0-1 Kourousis,E (2191)-Tomashevsky,E (2658)/Plovdiv 2008/CBM 124 (32)}) ({RR} 15. e6 fxe6 16. Ne5 Qc8 17. Qa4+ b5 ({RR} 17... c6 18. cxd5 exd5 19. Bb4) ({RR} 17... Kf8 18. Rhe1) 18. cxb5 O-O 19. Rhc1 Qb7 20. Qa6 ({RR} 20. Rab1) 20... Bd6 21. Ba5 Rc8 22. Nd3 Rf7 23. Rc3 Kf8 24. Rac1 Qxa6 25. bxa6 Ke8 26. f4 Rd7 27. Kf3 Nf7 28. Ne5 Bxe5 29. dxe5 Nd8 {Ni,H (2681)-Tomashevsky,E (2654) Nizhnij Novgorod 2007 CBM 120 [Krasenkow,Michal] 1-0 (35)}) {The text move is a fresh attempt to prevent Black's consolidation.} 15... Qxd5 16. Qa4+ $146 (16. Qxc7 Ne6 (16... Nc6 $143 17. Be3 O-O 18. Rhc1 Rac8 19. Qb7) 17. Qc3 Rd8 18. Be3 g5 19. h3 f5 $44) ({RR} 16. Qxc7 Nc6 17. Be3 O-O 18. Rhc1 Rac8 19. Qb7 g5 20. h3 h5 21. g4 f6 22. Rxc6 Rxc6 23. Rc1 Rc5 24. Qxe7 Rxc1 25. Bxc1 hxg4 26. hxg4 fxe5 27. Qxg5+ Kh7 28. Qe3 exd4 29. Qd3+ Kg8 30. Bb2 Rf7 {Akobian,V (2612)-Benjamin,J (2583) Saint Louis 2009 1-0 (47)}) ({RR} 16. Qxc7 Ne6 17. Qc3 Rd8 18. Be3 O-O 19. Qb3 Qb7 20. Rhd1 Rd5 21. Qc2 Rd7 22. Rac1 Ba3 23. Rb1 Rfd8 24. h4 Be7 25. Qc4 Qe4 26. Qd3 Qb7 27. Rd2 Bc5 28. Rbd1 Bxd4 29. Bg5 Rc8 30. Kh2 h6 {Pham,M (2479)-Grover,S (2300) Paris 2008 1-0 (41)}) 16... c6 (16... b5 $6 17. Qb3 {serious weakens Black's queenside.}) 17. Rhc1 Kd7 $5 {Very bold. Black wants to play ...d8-e6 at any cost.} (17... O-O 18. Qc4 $14) 18. Bb4 (18. Rc3 $5 Ne6 19. Rac1 Rhc8 20. Be3 g5 $140 21. Kg1 $1 {[%cal Yf3d2]} Qxf3 $2 22. d5 $1 $40) 18... b5 19. Qa3 Bxb4 20. Qxb4 a5 21. Qb3 Ne6 $11 22. Rxc6 $5 {[%mdl 512] An interesting exchange sacrifice.} Qxc6 23. d5 Qc4 24. dxe6+ Kxe6 $5 (24... fxe6 $6 25. Rd1+ Ke7 26. Qe3 $44 {[%cal Re3g5,Rd1c1]}) 25. Nd4+ $6 (25. Qe3 $5 $44) 25... Kd5 $1 {Steinitz would be delighted! White can't mate this centralized king and will be glad if he finds a perpetual.} 26. Qf3+ (26. Qa3 $144 $5 Kxd4 (26... Qxd4 $4 27. Qd6+) (26... b4 27. Qf3+ Kxd4 28. Qf4+ {- the black queen is not protected now!}) 27. Rc1 $1 (27. Rd1+ $143 Ke4 $1) 27... Rac8 (27... Qb4 $6 28. Qe3+ Kd5 29. Qd3+) (27... Rhc8 28. Rxc4+ bxc4 29. Qe3+ Kd5 30. Qf3+ Ke6 31. Qg4+ Ke7 32. Qxg7 $11) 28. Rxc4+ bxc4 {and Black can hardly avoid a perpetual:} 29. Qd6+ (29. Qe3+ Kd5 30. Qf3+ {is possible, too}) 29... Kc3 (29... Ke4 30. e6 $1) 30. Qa3+ Kc2 31. Qa4+ Kb2 32. Qxa5 c3 33. Qb4+ Ka1 34. a4 c2 35. Qa3+ Kb1 36. Qb3+ {etc.}) 26... Kxd4 27. Qe3+ $2 {This obvious check is the decisive mistake.} (27. Re1 $1 {[%cal Re1e4]} Kc5 ({White should survive after} 27... Rac8 28. Re4+ Kc5 29. Rxc4+ bxc4 30. Qa3+ {, too}) 28. Qe3+ Kd5 (28... Kc6 29. Rc1) (28... Kb4 29. Qd2+ Ka4 30. Qd1+) (28... Qd4 29. Rc1+ Kd5 30. Qb3+ Kxe5 31. Re1+ Kf6 32. Qf3+ Kg6 (32... Kg5 33. Rd1 $1) 33. Re4 Qf6 34. Rf4 $11) 29. e6 $1 {and White's attack should be sufficient for a draw.}) 27... Kd5 28. Rd1+ ({Of course, not} 28. e6 $4 Qe4+) 28... Ke6 29. Rd6+ Ke7 30. Qg5+ Ke8 {The black king has come back home.} 31. e6 Rc8 $1 (31... fxe6 32. Qxg7) 32. exf7+ $2 (32. h4 $1 {, creating a safeheaven for the king, was more stubborn. Black had the only, absolutely phantastic, way to win (indicated by GM A.Huzman):} fxe6 $1 (32... Qe4+ 33. Kh2 Qe2 34. Kg2 {gives nothing}) 33. Qxg7 Rg8 $3 34. Qxh7 {[%cal Yg2h2,Yd6d7]} (34. Qd7+ Kf8 35. Rxe6 Rg7) (34. Qxg8+ Ke7) 34... Rg4 $3 {[%cal Rc4e4]} 35. Kh3 Rf4 $3 (35... Rc7 36. Qh8+ Kf7 $3 37. Rd8 Qc5 $3 {also wins}) 36. gxf4 Qf1+ 37. Kg4 Qg2+ 38. Kh5 Qf3+ 39. Kg5 Rc5+ $19) {After the text move Black wins without brilliancies although he must play accurately.} 32... Qxf7 33. Rd3 (33. Qxb5+ Kf8 34. Rd7 Qe6 $19) 33... Qb7+ 34. Kh3 Rf8 35. Qh5+ Ke7 36. Re3+ Kd8 37. Rd3+ Kc7 38. Rd5 Rce8 39. Rc5+ (39. Rxb5 Qc8+ 40. g4 Rf6 $19) 39... Kd6 40. Rxb5 Qc8+ 41. Kh4 Qc4+ 42. g4 Qd4 0-1

[Event "Olympiad-38"]
[Site "Dresden"]
[Date "2008.11.16"]
[Round "4"]
[White "Carlsen, Magnus"]
[Black "Adams, Michael"]
[Result "1-0"]
[WhiteElo "2786"]
[BlackElo "2734"]
[PlyCount "91"]
[EventDate "2008.11.13"]
[EventType "team-swiss"]
[EventRounds "11"]
[EventCountry "GER"]
[SourceTitle "CBM 128"]
[Source "ChessBase"]
[SourceDate "2009.01.28"]
[SourceVersion "1"]
[SourceVersionDate "2009.01.28"]
[SourceQuality "1"]
[WhiteTeam "Norway"]
[BlackTeam "England"]
[WhiteTeamCountry "NOR"]
[BlackTeamCountry "ENG"]

1. d4 Nf6 2. c4 e6 3. Nf3 b6 4. g3 Bb7 5. Bg2 Be7 6. Nc3 O-O 7. Bf4 d5 8. Ne5 Na6 9. O-O c5 10. cxd5 Nxd5 11. Nxd5 exd5 12. dxc5 Nxc5 13. Rc1 Bf6 14. Nd3 Ne6 $146 ({RR} 14... Rc8 15. Nxc5 bxc5 16. Qa4 Qb6 17. Qc2 c4 18. Rfd1 Bxb2 19. Rb1 c3 20. Bxd5 Bxd5 21. Rxd5 Rfd8 22. Rxd8+ Qxd8 23. Bc1 Bxc1 24. Rxc1 Qb6 25. Qd3 g6 26. Kg2 Qc6+ 27. Qf3 Qc4 28. Rc2 Kg7 29. Qf4 {Kerkmeester,H-De Ruyter,L Dieren 1983 ½-½ (46)}) 15. Qd2 Qe7 16. Be5 Bxe5 17. Nxe5 Rac8 18. e3 Rc7 19. Nf3 Rfc8 20. Rfd1 h6 21. Rxc7 Rxc7 22. Ne1 Qf6 23. Qe2 Rd7 24. Qb5 Nc5 25. Qb4 a5 26. Qd2 Ne6 27. Nf3 Rc7 28. Qe2 Rc5 29. h3 g6 30. a3 Bc6 31. Rd2 Ba4 32. Kh2 Bb3 33. Qa6 Qd8 34. Qd3 Bc4 35. Qc3 Ba2 36. Qd3 Bc4 37. Qc2 Bf1 38. Qd1 Bxg2 39. Kxg2 Qa8 40. Kh2 Qc6 41. Ne5 Qd6 42. b4 axb4 43. axb4 Rc8 44. Rxd5 Qxb4 45. h4 h5 46. Rd7 1-0

[Event "Olympiad-38"]
[Site "Dresden"]
[Date "2008.11.20"]
[Round "7"]
[White "Rahman, Ziaur"]
[Black "Carlsen, Magnus"]
[Result "1/2-1/2"]
[WhiteElo "2510"]
[BlackElo "2786"]
[PlyCount "75"]
[EventDate "2008.11.13"]
[EventType "team-swiss"]
[EventRounds "11"]
[EventCountry "GER"]
[SourceTitle "CBM 128"]
[Source "ChessBase"]
[SourceDate "2009.01.28"]
[SourceVersion "1"]
[SourceVersionDate "2009.01.28"]
[SourceQuality "1"]
[WhiteTeam "Bangladesh"]
[BlackTeam "Norway"]
[WhiteTeamCountry "BAN"]
[BlackTeamCountry "NOR"]

1. d4 Nf6 2. Bg5 e6 3. e4 h6 4. Bxf6 Qxf6 5. c3 d5 6. Nd2 c5 7. Ngf3 Nc6 8. dxc5 Bxc5 9. Bd3 ({RR} 9. Bb5 O-O 10. O-O Rd8 11. Qe2 Ne7 12. e5 Qg6 13. Bd3 Qh5 14. Kh1 Bd7 15. Nb3 Bb6 16. a4 Ng6 17. g3 d4 18. cxd4 Bc6 19. Be4 Qg4 20. Bxc6 bxc6 21. a5 Bc7 22. Nbd2 Rab8 23. b3 Rb5 {Barrionuevo,P (2215)-Noroozi,O (2266) chess.com INT 2025 1-0}) 9... O-O 10. O-O Bb6 11. Qe2 Qf4 $146 ({RR} 11... Bd7 12. Rad1 Rad8 13. Rfe1 Rfe8 14. Bc2 Bc8 15. h3 g6 16. exd5 Ne7 17. Ne4 Qg7 18. d6 Nf5 19. g4 Bd7 20. Qf1 Bc6 21. Qg2 Bxe4 22. Bxe4 Nxd6 23. Bc2 Nc4 24. Bb3 Nxb2 25. Rxd8 Rxd8 26. Ne5 {Di Nicolantonio,L (2382)-Srbis,J (2455) Chess.com INT 2022 0-1 (35)}) ({RR} 11... Bd7 12. Rad1 Rfe8 13. e5 Qe7 14. Bc2 Bc7 15. Qd3 g6 16. Rfe1 b5 17. Nf1 Kg7 18. Ng3 Rh8 19. Qe3 b4 20. Ne2 bxc3 21. bxc3 Bb6 22. Nfd4 Rhc8 23. Bd3 Nxd4 24. cxd4 Rc7 25. Rc1 Rac8 26. Rxc7 {Kazik,O (1771)-Kiray,T (1556) Antalya 2019 0-1 (65)}) 12. Rad1 Bd7 13. Bc2 Rfd8 14. exd5 exd5 15. Qd3 Be6 16. Qh7+ Kf8 17. Nb3 Qf6 18. Nbd4 Nxd4 19. Nxd4 Rac8 20. Rd3 Bxd4 21. Rxd4 Rc4 22. Rfd1 Rxd4 23. Rxd4 Qe5 24. Rd1 d4 25. Qd3 Bxa2 26. cxd4 Qa5 27. h3 Be6 28. Bb3 Bxb3 29. Qxb3 Rxd4 30. Rxd4 Qe1+ 31. Kh2 Qe5+ 32. Kg1 Qe1+ 33. Kh2 Qe5+ 34. Kg1 Qxd4 35. Qxb7 g5 36. g3 Kg7 37. Kg2 a5 38. b3 1/2-1/2

[Event "Olympiad-38"]
[Site "Dresden"]
[Date "2008.11.23"]
[Round "10"]
[White "Rowson, Jonathan"]
[Black "Carlsen, Magnus"]
[Result "0-1"]
[WhiteElo "2596"]
[BlackElo "2786"]
[PlyCount "96"]
[EventDate "2008.11.13"]
[EventType "team-swiss"]
[EventRounds "11"]
[EventCountry "GER"]
[SourceTitle "CBM 128"]
[Source "ChessBase"]
[SourceDate "2009.01.28"]
[SourceVersion "1"]
[SourceVersionDate "2009.01.28"]
[SourceQuality "1"]
[WhiteTeam "Scotland"]
[BlackTeam "Norway"]
[WhiteTeamCountry "SCO"]
[BlackTeamCountry "NOR"]

1. d4 d5 2. c4 c6 3. Nf3 e6 4. e3 Bd6 5. b3 f5 6. Be2 Nf6 7. O-O Qe7 8. Bb2 b6 ({RR} 8... Ne4 9. Qc1 g5 10. Ba3 g4 11. Ne5 Nd7 12. Nxd7 Bxd7 13. Bxd6 Qxd6 14. Nc3 Nxc3 15. Qxc3 h5 16. f4 h4 17. b4 dxc4 18. Bxc4 h3 19. g3 b5 20. Bb3 a5 21. bxa5 b4 22. Qb2 Rxa5 23. d5 {Khlebovich,A (2423)-Colville,J (2166) chess.com INT 2025 0-1 (47)}) 9. Qc1 Bb7 10. Ba3 Nbd7 11. Qb2 $146 ({RR} 11. Bxd6 Qxd6 12. Qa3 Qxa3 13. Nxa3 Ke7 14. Rac1 Rac8 15. cxd5 Nxd5 16. Nc4 c5 17. Rfd1 Rhd8 18. Kf1 N7f6 19. dxc5 Rxc5 20. Nce5 Rdc8 21. Rxc5 Rxc5 22. Nd3 Rc2 23. Rd2 Rxd2 24. Nxd2 Nc3 25. Nc1 e5 {Shevchenko,K (2545)-Ivanchuk,V (2713) Batumi 2018 0-1 (45)}) ({RR} 11. Bxd6 Qxd6 12. Qb2 Ne4 13. Ne5 O-O 14. f3 Ng5 15. Nxd7 Qxd7 16. Nd2 Qe7 17. f4 Nf7 18. Rac1 c5 19. Nf3 dxc4 20. dxc5 Qxc5 21. Nd4 Nd6 22. Bxc4 Nxc4 23. Rxc4 Qd5 24. Rc7 Rf7 25. Rfc1 Rd8 {Votava,J (2521)-Kopylov,M (2409) Germany 2016 ½-½ (41)}) 11... c5 12. Nc3 a6 13. Rfd1 O-O 14. cxd5 exd5 15. g3 Rac8 16. Rac1 Kh8 17. Qb1 Ne4 18. dxc5 Nxc3 19. Rxc3 bxc5 20. Bf1 Nf6 21. Bg2 Ne4 22. Rc2 a5 23. Bb2 Rf7 24. Ba1 Re8 25. Qc1 h6 26. Ne1 Kh7 27. Nd3 Rc8 28. Nf4 Bxf4 29. exf4 Qf8 30. Qa3 d4 31. Qxa5 Rd7 32. Qb5 Qd6 33. Qd3 Ba6 34. Qf3 d3 35. Rcc1 d2 36. Rc2 Qg6 37. Bf1 Bb7 38. Qe3 Re8 39. Be5 Rxe5 40. fxe5 f4 41. Qe2 Ng5 42. Rc3 Qc6 43. f3 Nxf3+ 44. Kf2 Ng5 45. e6 Ne4+ 46. Qxe4+ Qxe4 47. exd7 Qd4+ 48. Ke2 Ba6+ 0-1

[Event "Olympiad-38"]
[Site "Dresden"]
[Date "2008.11.25"]
[Round "11"]
[White "Adly, Ahmed"]
[Black "Carlsen, Magnus"]
[Result "0-1"]
[WhiteElo "2586"]
[BlackElo "2786"]
[PlyCount "134"]
[EventDate "2008.11.13"]
[EventType "team-swiss"]
[EventRounds "11"]
[EventCountry "GER"]
[SourceTitle "CBM 128"]
[Source "ChessBase"]
[SourceDate "2009.01.28"]
[SourceVersion "1"]
[SourceVersionDate "2009.01.28"]
[SourceQuality "1"]
[WhiteTeam "Egypt"]
[BlackTeam "Norway"]
[WhiteTeamCountry "EGY"]
[BlackTeamCountry "NOR"]

1. d4 Nf6 2. c4 e6 3. Nc3 Bb4 4. e3 O-O 5. Bd3 d5 6. Nf3 b6 7. O-O Bb7 8. cxd5 exd5 9. Bd2 Nbd7 10. Ne5 Nxe5 11. dxe5 Nd7 ({RR} 11... Bxc3 12. Bxc3 Ne4 13. Be1 Re8 14. f4 c5 15. Qg4 Qc8 16. Qh5 Re6 17. Bxe4 dxe4 18. f5 Rh6 19. Qg4 b5 20. Rd1 Qe8 21. Bg3 Kh8 22. Rd2 Rd8 23. Rfd1 Rxd2 24. Rxd2 Rc6 25. e6 g6 26. exf7 {Szczotka,K (2105)-Bukala,W (1884) Chotowa POL 2025 1-0}) 12. Qc2 ({RR} 12. f4 Nc5 13. Bc2 d4 14. Na4 a5 15. Bxb4 axb4 16. Nxc5 bxc5 17. exd4 cxd4 18. Bd3 g6 19. Qd2 Qd5 20. Rae1 Rfe8 21. Be4 Qb5 22. Bxb7 Qxb7 23. f5 Qd5 24. f6 d3 25. Kh1 Qc5 26. e6 Rxe6 {Erigaisi,A (2627)-Le,Q (2709) Kolkata 2021 1-0 (32)}) 12... g6 $146 ({RR} 12... h6 13. f4 Nc5 14. Bh7+ Kh8 15. a3 Bxc3 16. Bxc3 Ne4 17. Bxe4 dxe4 18. f5 Ba6 19. Rf4 Qd3 20. Qf2 Qe2 21. Qg3 Rad8 22. h3 Rd1+ 23. Rxd1 Qxd1+ 24. Kh2 Qh5 25. e6 Rg8 26. Rh4 {1-0 (26) Iniyan,P (2515)-Degenhard,S (2278) Bad Woerishofen GER 2023}) ({RR} 12... h6 13. f4 Nc5 14. Bh7+ Kh8 15. a3 Bxc3 16. Bxc3 Ne4 17. Bxe4 dxe4 18. f5 Ba6 19. Rf4 Qd3 20. Qf2 Qe2 21. Qg3 Rad8 22. h3 Rd1+ 23. Rxd1 Qxd1+ 24. Kh2 Qh5 25. e6 Rg8 26. Rh4 {1-0 (26) Iniyan,P (2515)-Degenhard,S (2278) Bad Woerishofen GER 2023}) 13. f4 Nc5 14. Ne2 Bxd2 15. Qxd2 Nxd3 16. Qxd3 c5 17. Nc3 d4 18. Ne4 Bxe4 19. Qxe4 dxe3 20. Qxe3 Qh4 21. Rad1 Rad8 22. Qf3 Qe7 23. Rf2 Rxd1+ 24. Qxd1 Rd8 25. Rd2 Rxd2 26. Qxd2 Qe6 27. Kf2 Kg7 28. a3 h5 29. Qd3 Qg4 30. g3 Qh3 31. Kg1 Qf5 32. Qe2 a6 33. Kf2 b5 34. Ke3 Qb1 35. Qd2 a5 36. e6 fxe6 37. Qd7+ Kh6 38. Qxb5 Qg1+ 39. Kf3 Qh1+ 40. Ke3 Qxh2 41. Kf3 Qh1+ 42. Kf2 h4 43. gxh4 Qxh4+ 44. Kf3 Qh3+ 45. Ke4 Qg2+ 46. Ke3 a4 47. Qxa4 Qxb2 48. Qa8 Qd4+ 49. Kf3 c4 50. Kg4 c3 51. Qf8+ Qg7 52. Qd8 Kh7 53. Qc8 Qf6 54. a4 g5 55. Qd7+ Kg6 56. fxg5 Qf5+ 57. Kh4 c2 58. Qd2 Qe4+ 59. Kg3 Qc4 60. Qd8 Kh5 61. Qh8+ Kxg5 62. Qg7+ Kf5 63. Qf7+ Ke5 64. Qg7+ Kd5 65. Qd7+ Ke4 66. Qb7+ Kd3 67. Qf3+ Kd2 0-1